000 00486nam a2200133Ia 4500
005 20260209120151.0
008 260209s9999||||xx |||||||||||||| ||und||
100 _aSheetal Shetty K P
245 4 _aThe judiciary's role in making Indian secularism
260 _aBangaloreBangalore
_bNLSIU, Bangalore
_c2023 - 2024
300 _a34 p. ; 25 cm.
700 _aDr. Salmoli Choudhuri - SupervisorDr. Salmoli Choudhuri - Supervisor
856 _uhttps://dans.nls.ac.in/handle/123456789/2203
999 _c217714
_d217714